Pater infamis : (Record n. 35930)

Dettagli MARC
000 -LEADER
fixed length control field 00907nam a2200253 i 4500
003 - CONTROL NUMBER IDENTIFIER
control field IT-RoINE
005 - DATE AND TIME OF LATEST TRANSACTION
control field 20210330080243.0
008 - FIXED-LENGTH DATA ELEMENTS--GENERAL INFORMATION
fixed length control field 200130s2020 sp |r|||| 000 | spa d
020 ## - INTERNATIONAL STANDARD BOOK NUMBER
International Standard Book Number 9788437640778
040 ## - CATALOGING SOURCE
Original cataloging agency SpMaBN
Transcribing agency SpMaBN IT-RoINE
Modifying agency IT-RoINE
100 1# - MAIN ENTRY--PERSONAL NAME
Personal name Vázquez García, Francisco,
9 (RLIN) 37715
Dates associated with a name 1961-
245 10 - TITLE STATEMENT
Title Pater infamis :
Remainder of title genealogía del cura pederasta en España (1880-1912) /
Statement of responsibility, etc Francisco Vázquez García.
260 ## - PUBLICATION, DISTRIBUTION, ETC. (IMPRINT)
Place of publication, distribution, etc Madrid :
Name of publisher, distributor, etc Cátedra,
Date of publication, distribution, etc [2020]
300 ## - PHYSICAL DESCRIPTION
Extent 294 p. ;
Dimensions 21 cm.
336 ## - CONTENT TYPE
Content type term Texto
Source rdacontent
337 ## - MEDIA TYPE
Source rdamedia
Media type term unmediated
338 ## - CARRIER TYPE
Source rdacarrier
Carrier type term volume
490 1# - SERIES STATEMENT
Series statement Historia.
-- Serie menor
504 ## - BIBLIOGRAPHY, ETC. NOTE
Bibliography, etc Bibliografía: p. 267-294.
650 #4 - SUBJECT ADDED ENTRY--TOPICAL TERM
Topical term or geographic name as entry element Niños
General subdivision Abusos sexuales del clero
Geographic subdivision España
General subdivision Historia
Chronological subdivision Siglos 19o.-20.
9 (RLIN) 70471
650 #4 - SUBJECT ADDED ENTRY--TOPICAL TERM
Topical term or geographic name as entry element Clero
General subdivision Conducta sexual
Geographic subdivision España
9 (RLIN) 70472
830 #0 - SERIES ADDED ENTRY--UNIFORM TITLE
9 (RLIN) 11949
Uniform title Historia (Cátedra).
Name of part/section of a work Serie menor
942 ## - ADDED ENTRY ELEMENTS (KOHA)
Item type Monografías
Dati di copia
Withdrawn status Lost status Damaged status Not for loan Home library Current library Date acquired Total Checkouts Full call number Barcode Date last seen Price effective from Koha item type
        Iglesia Nacional Española en Roma Iglesia Nacional Española en Roma 30/03/2021   HIS.ESP.4. 1617 63738 30/03/2021 30/03/2021 Monografías